Normal view
MARC view
Entry Término temático
001 - NÚMERO DE CONTROL
- campo de control: 21345
003 - IDENTIFICADOR DEL NÚMERO DE CONTROL
- campo de control: OSt
005 - FECHA Y HORA DE LA ÚLTIMA TRANSACCIÓN
- campo de control: 20200615032744.0
008 - DATOS DE LONGITUD FIJA
- campo de control de longitud fija: 200615|| aca||aabn | a|a d
040 ## - FUENTE DE LA CATALOGACIÓN
- Centro catalogador/agencia de origen: OSt
- Centro/agencia transcriptor: OSt
150 ## - ENCABEZAMIENTO--TÉRMINO DE MATERIA
- Término de materia o nombre geográfico como elemento de entrada: CALIDAD DE LA EDUCACIÓN
- Subdivisión geográfica: REPÚBLICA DOMINICANA
- Subdivisión general: CONGRESOS, CONFERENCIAS, ETC
670 ## - FUENTE DE DATOS ENCONTRADOS
- Cita de la fuente: Work cat.: (OSt)7475: Foro presidencial por la excelencia de la educación (2007 : Santo Domingo, República Dominicana) 21343, Hacia un plan decenal de la educación superior, la ciencia y la tecnología :, 2007.
